| 000 | 00560nam a22001817a 4500 | ||
|---|---|---|---|
| 003 | OSt | ||
| 005 | 20251216085416.0 | ||
| 008 | 251216b |||||||| |||| 00| 0 eng d | ||
| 020 | _a971-8561-04-5. | ||
| 040 |
_aDWCL-Main lib. _cOC |
||
| 082 | _aFil. 262.5 P538 1992 | ||
| 245 | _aActs and decrees of the second plenary council of the Philippines/ | ||
| 260 |
_aManila: _bCatholic Bishop's Conference of the Philippines |
||
| 300 |
_axi, 341 p. ; _c21 cm. |
||
| 504 | _aInclude index. | ||
| 650 | _aEcclesiastical Law. | ||
| 942 |
_2ddc _cBK - FIL _hFil. _n0 |
||
| 999 |
_c7143 _d7143 |
||